Albanien-Quiz - Sudden Death - Statistiken

Allgemein
  • Dieses Quiz wurde 192 mal gespielt
  • Das Durchschnittsergebnis liegt bei 4 aus 10
Answers on the Grid
Answers color-coded by a green-red scale on the quiz's grid according to % correct below.
Dies ist die Flagge Albaniens: 🇦🇱
Die albanische Hauptstadt ist Tirana
Die am weitesten verbreitete Glaubensrichtung ist der Islam
Albanien hat bereits den ESC gewonnen
In Albanien leben mehr Frauen als Männer
Albanien ist sowohl in der NATO als auch in der Europäischen Union
Albanien liegt im Balkan
Albanien grenzt an das Mittelmeer
Die Währung Albaniens ist der Euro
Das albanische KFZ-Kennzeichen lautet "ALB"
Die Küstenlänge Albaniens ist länger als die von Zypern
Albanien grenzt an ein Land mit dieser Flagge: 🇬🇷
Albanien hat keine einzige Stadt mit mindestens 1 Million Einwohnern
Flächenmäßig ist Albanien größer als Montenegro und der Kosovo zusammen
In Albanien leben mehr Menschen als in Armenien
Das BIP pro Kopf in Albanien ist höher als das in Montenegro
Das albanische Nationaltier ist der Wolf
Die Ksamil-Inseln setzen sich aus vier kleineren Inseln zusammen
Mutter Teresa wurde in Albanien geboren
Albanien gehörte zum Osmanischen Reich
 
Antwortstatistiken
Antwort % Korrekt
Die albanische Hauptstadt ist Tirana
59%
Dies ist die Flagge Albaniens: 🇦🇱
55%
Albanien liegt im Balkan
54%
Albanien grenzt an das Mittelmeer
47%
Albanien gehörte zum Osmanischen Reich
46%
Albanien grenzt an ein Land mit dieser Flagge: 🇬🇷
46%
Die am weitesten verbreitete Glaubensrichtung ist der Islam
40%
Albanien hat keine einzige Stadt mit mindestens 1 Million Einwohnern
28%
Flächenmäßig ist Albanien größer als Montenegro und der Kosovo zusammen
26%
Die Ksamil-Inseln setzen sich aus vier kleineren Inseln zusammen
8%
Keine übereinstimmenden Quizze gefunden
Verteilung der Resultate
Anzahl Personen mit jedem Resultat
Perzentil nach korrekt beantworteten Fragen
Ihre Resultats-Entwicklung
Sie haben dieses Quiz noch nicht gespielt